Normal view
MARC view
- Galula , David
Entry Personal Name
001 - CONTROL NUMBER
- control field: 133858
003 - CONTROL NUMBER IDENTIFIER
- control field: NUST
005 - DATE AND TIME OF LATEST TRANSACTION
- control field: 20260403163731.0
008 - FIXED-LENGTH DATA ELEMENTS
- fixed length control field: 260403|| aca||aabn | a|a d
040 ## - CATALOGING SOURCE
- Original cataloging agency: NUST
- Transcribing agency: NUST
100 ## - HEADING--PERSONAL NAME
- Personal name: Galula , David
670 ## - SOURCE DATA FOUND
- Source citation: Work cat.: (NUST): Galula , David., Counterinsurgency Warfare: Theory and Practice /, 2010
